02031cam a2200457 450000100060000000300470000600500170005301000250007002000170009507300180011210000410013010100080017110200070017910500180018618100190020418100240022318200100024718200200025720000370027721400380031421400140035221400150036621400180038121500190039921500100041822500350042822500140046330000970047732100530057432300190062733006020064633300250124841000130127341000550128660800220134161000380136368600710140170000230147270000180149580100600151313994http://catalogue.bnf.fr/ark:/12148/cb47177377520260113153559.0 a9782957958139d5 EUR aFRb02335842 0a9782957958139 a20230130d2022 a y0frey50 ba0 afre aFR a||||z 00|a| 0601ai bxxxe  602ctxt2rdacontent 0601an 602cn2rdamedia1 aÇa ne fait que commencerbLIVR 0cla Maison théâtredimpr. 2022 3cOtt impr. 0aStrasbourg 3a67-Wasselonne a1 vol. (33 p.) d21 cm aLes cahiers théâtrevn °4 e11-14 ans aCommande de la Maison théâtre dans le cadre du projet "Dans la cour de notre mythologie" aLa Revue des livres pour enfantsx0398-8384c330 a10 personnages aQui est responsable de la blessure à la tête de Polo lors de la sortie scolaire ? La singulière Jelly – celle qui rit quand on s’y attend le moins ? Elle était seule avec lui. Et pourtant, contre les certitudes de Mme Alléop et de certaines élèves de la classe, les ami.e.s de la jeune fille tentent de la défendre. Coïncidence ou hasard : quelques heures plus tard des méduses tombent du ciel ou apparaissent dans des endroits incongrus. Un signe. En abordant la question du consentement, Stéphane BIENTZ nous emmène dans une histoire fantastique pleine de surprises. aÀ partir de 11 ans 0047252827 0tLes Cahiers théâtre (Strasbourg)x3039-5577v4 aThéâtre2CNLJ ajeunesseaadolescenceamythologie a8022Cadre de classement de la Bibliographie nationale française aBientzbStéphane 3177854394070 0aFRbFR-751131015c20230130gAFNORhFRBNF471773770000009